000 01023cam a2200313 a 4500
999 _c903
_d903
001 (Sirsi) a642194
003 OSt
005 20191226093350.0
008 100927r20091998nyu d 000 1 eng d
020 _a0142413739 (pbk.) :
020 _a9780142413739 (pbk.) :
040 _aCHA
_beng
_cTAE
041 0 _aeng
042 _anbic
082 _aFIC WER
100 1 _aWerlin, Nancy.
_eauthor
245 1 4 _aThe killer's cousin /
_cNancy Werlin.
260 _aNew York :
_bSpeak,
_c2009.
300 _a229 p. ;
_c21 cm.
520 _aAfter being acquitted of murder, seventeen-year-old David goes to stay with relatives in Cambridge, Massachusetts, where he finds himself forced to face his past as he learns more about his strange young cousin Lily.
521 1 _a13-18.
586 _aWinner of the Edgar Award
650 1 _aEmotional problems
_vFiction.
650 1 _aCousins
_vFiction.
650 1 _aGuilt
_vFiction.
650 1 _aMurder
_vFiction.
650 1 _aFamily problems
_vFiction.
942 _2ddc
_cFIC